[Event "Ruhrgebiet Verbandsliga2 1213"]
[Site "Nordrheinwestfalen"]
[Date "2013.02.03"]
[Round "6.6"]
[White "Decker, Alexander"]
[Black "Gross, Thomas"]
[Result "0-1"]
[WhiteElo "1927"]
[BlackElo "1898"]
[PlyCount "90"]
[EventDate "2012.09.02"]
[EventType "team-tourn"]
[EventRounds "9"]
[EventCountry "GER"]
[SourceTitle "EXT 2020"]
[Source "ChessBase"]
[SourceDate "2019.10.17"]
[SourceVersion "1"]
[SourceVersionDate "2019.10.17"]
[SourceQuality "1"]
[WhiteTeam "Ahlen SV II"]
[BlackTeam "Oberhausen SV II"]
[WhiteTeamCountry "GER"]
[BlackTeamCountry "GER"]

1. d4 d5 2. Nf3 Nf6 3. Bg5 Ne4 4. Bf4 c5 5. e3 Nc6 6. c3 Qb6 7. Qc2 Bf5 8. Qb3 c4 9. Qxb6 axb6 10. Nh4 Bd7 11. f3 Nf6 12. e4 h6 13. Be5 e6 14. Bxf6 gxf6 15. Nd2 b5 16. g3 b4 17. Bg2 bxc3 18. bxc3 Ra3 19. Nb1 Ra5 20. exd5 exd5 21. 0-0 Be7 22. f4 0-0 23. f5 Rfa8 24. Rf2 Bd6 25. Nd2 Ne7 26. Nf1 b5 27. Ne3 b4 28. cxb4 Bxb4 29. Nd1 Ba4 30. Rb2 Bb3 31. Kf2 Rxa2 32. Rbxa2 Rxa2+ 33. Rxa2 Bxa2 34. Ke2 c3 35. Ne3 Bb1 36. Kd1 Bd3 37. Bf1 Be4 38. Bb5 Ba5 39. g4 Bb6 40. Nc2 Bc7 41. Be2 Bxh2 42. Nf3 Bg3 43. Nfe1 h5 44. Ne3 Bf4 45. N1c2 h4 0-1